Aparthedi: (Record no. 41414)

MARC details
000 -LEADER
fixed length control field 00814nam a22002297a 4500
005 - DATE AND TIME OF LATEST TRANSACTION
control field 20100812114028.0
010 ## - LCCN (DPL NO)
LC control number ENG-99873
020 ## - INTERNATIONAL STANDARD BOOK NUMBER
International Standard Book Number 9788170640639
Terms of availability 80.00
020 ## - INTERNATIONAL STANDARD BOOK NUMBER
International Standard Book Number 8170640636
Terms of availability 80.00
035 ## - SYSTEM CONTROL NUMBER
System control number EN-83405
037 ## - SOURCE OF ACQUISITION
Source of stock number/acquisition DBAD/PUB
082 ## - DEWEY DECIMAL CLASSIFICATION NUMBER
Classification number 883.08
100 ## - MAIN ENTRY--PERSONAL NAME
Personal name Archana Kumar
245 ## - TITLE STATEMENT
Title Aparthedi:
Statement of responsibility, etc by Archana Kumar
Remainder of title The novels of doris lessing and nadine gordimer /
260 ## - PUBLICATION, DISTRIBUTION, ETC. (IMPRINT)
Place of publication, distribution, etc New Delhi
Name of publisher, distributor, etc Arya Publishing House
Date of publication, distribution, etc 2006
270 ## - ADDRESS
City New Delh
Address 1569/30 Naiwala, Karol Bage,
Postal code 110005
300 ## - PHYSICAL DESCRIPTION
Extent 82p.
Dimensions 22cm (Hb)
500 ## - GENERAL NOTE
General note Includes bibliographical references
700 ## - ADDED ENTRY--PERSONAL NAME
9 (RLIN) 11824
942 ## - ADDED ENTRY ELEMENTS (KOHA)
Source of classification or shelving scheme Dewey Decimal Classification
Item type English Books
Classification part 883.08
Call number suffix ARC
Holdings
Withdrawn status Lost status Not for loan Collection code Home library Current library Date acquired Source of acquisition Cost, normal purchase price Full call number Barcode Copy number Cost, replacement price Koha item type
    Not For Loan Non-fiction D.B.Act.Division D.B.Act.Division 12/08/2010 DBAD/PUB 80.00 883.08 ARC EN-83405 1 80.00 English Books

© Delhi Public Library
Hit Counter
free hit counter